000 00912nam a2200265 i 4500
001 179998
003 ES-MaACL
005 20240214190531.0
008 120313s2010 sp |||| | spa d
020 _a978-84-92663-21-7
080 _a94(44)"1940/45"
100 1 _aChaves Nogales, Manuel,
_d1897-1944
_938275
245 1 3 _aLa agonía de Francia /
_cManuel Chaves Nogales ; introducción de Xavier Pericay.
250 _a1ª ed. en Libros del Asteroide.
260 _aBarcelona :
_bLibros del Asteroide,
_c2010.
300 _aXIV, 187 p. ;
_c20 cm.
490 1 _aAsteroide ;
_v63
500 _aÍndices.
651 7 _aFrancia-
_xHistoria-
_y1940-1945, Ocupación alemana.
_9139486
700 1 _aPericay, Xavier.
_991254
830 0 _aAsteroide ;
_v63
_9224579
852 _aES-MaACL
_jA-12034
_9186905
_bR.146753
_cDEPO1
_dOlim: N-5039
942 _2udc
_cMONOGRAFIA
999 _c179998
_d179998